Most Populous Counties in New York State - Statistics

General Stats
  • This quiz has been taken 107 times
  • The average score is 13 of 20
Answer Stats
Population County % Correct
2,230,722 Queens
89%
1,585,873 New York
85%
1,385,108 Bronx
83%
304,204 Albany
82%
949,113 Westchester
82%
2,504,700 Kings
81%
1,339,532 Nassau
78%
1,493,350 Suffolk
78%
919,040 Erie
74%
372,813 Orange
65%
311,687 Rockland
65%
468,730 Richmond
61%
297,488 Dutchess
60%
216,469 Niagara
54%
744,344 Monroe
51%
200,600 Broome
47%
234,878 Oneida
46%
467,026 Onondaga
43%
182,493 Ulster
43%
219,607 Saratoga
35%
No matching quizzes found
Score Distribution
Percent of People with Each Score
Percentile by Number Answered
Your Score History
You have not taken this quiz